1990s Songs - Sudden Death - Statistics

General Stats
  • This quiz has been taken 2,096 times
  • The average score is 3 of 15
Answers on the Grid
Answers color-coded by a green-red scale on the quiz's grid according to % correct below.
Another Day In Paradise - Phil Collins
Baby Got Back - Sir Mix-A-Lot
Beautiful Day - U2
Bed Of Roses - Bon Jovi
Believe - Cher
Bring Me to Life - Evanescence / Paul McCoy
Can't Get You Out of My Head - Kylie Minogue
Crazy in Love - Beyoncé / Jay-Z
Dancing On The Ceiling - Lionel Richie
Dilemma - Nelly / Kelly Rowland
End Of The Road - Boyz II Men
Faith - George Michael
Fast Car - Tracy Chapman
Genie In A Bottle - Christina Aguilera
Hero - Enrique Iglesias
Higher Love - Steve Winwood
How You Remind Me - Nickelback
I Don't Want To Miss A Thing - Aerosmith
I Think We're Alone Now - Tiffany
I Will Always Love You - Whitney Houston
Iris - Goo Goo Dolls
Kokomo - The Beach Boys
Lady Marmalade - Christina Aguilera / Lil' Kim / Mýa / Pink
Like A Prayer - Madonna
Man In The Mirror - Michael Jackson
Maria Maria - Santana / The Product G&B
MmmBop - Hanson
Mr. Brightside - The Killers
Ms. Jackson - Outkast
My Heart Will Go On - Celine Dion
My Name Is - Eminem
Never Gonna Give You Up - Rick Astley
Seven Nation Army - The White Stripes
Sk8er Boi - Avril Lavigne
Smells Like Teen Spirit - Nirvana
Stop Crying Your Heart Out - Oasis
Straight Up - Paula Abdul
Summer Of '69 - Bryan Adams
Survivor - Destiny's Child
U Can't Touch This - MC Hammer
Wanted Dead Or Alive - Bon Jovi
Wind Beneath My Wings - Bette Midler
With Or Without You - U2
Yellow - Coldplay
You're Still The One - Shania Twain
 
Answer Stats
Answer % Correct
Baby Got Back - Sir Mix-A-Lot
55%
Believe - Cher
47%
Bed Of Roses - Bon Jovi
27%
End Of The Road - Boyz II Men
20%
Genie In A Bottle - Christina Aguilera
18%
Iris - Goo Goo Dolls
18%
I Will Always Love You - Whitney Houston
15%
I Don't Want To Miss A Thing - Aerosmith
14%
My Heart Will Go On - Celine Dion
14%
Smells Like Teen Spirit - Nirvana
14%
MmmBop - Hanson
11%
My Name Is - Eminem
10%
U Can't Touch This - MC Hammer
8%
You're Still The One - Shania Twain
6%
Maria Maria - Santana / The Product G&B
3%
No matching quizzes found
Score Distribution
Percent of People with Each Score
Percentile by Number Answered
Your Score History
You have not taken this quiz